000
00289nam a22001337a 4500
008
170822b xxu||||| |||| 00| 0 eng d
020
_a
2900321716810
041
_a
eng
080
_2
9TH
_a
51
100
_a
37
101
_a
MAT
245
_a
COLLEGE ALGEBRA
_c
SULLIVAN,M
942
_2
udc
_c
BK
999
_c
24434
_d
24434